[Event "Weekender - Expert"]
[Site "Enniscrone, Sligo, IE"]
[Date "2026.02.01"]
[Round "4"]
[White "Cawston, M John"]
[Black "Stinson, Conor"]
[Result "1/2-1/2"]
[Board "11"]
[WhiteFideId "434000"]
[BlackFideId "2530929"]
[WhiteElo "1789"]
[BlackElo "1787"]
[WhiteTeam "ENG"]
[BlackTeam "IRL"]
[WhiteClock "1:04:55"]
[BlackClock "0:19:14"]
[Variant "Standard"]

1. Nf3 {[%clk 1:30:09]}  Nf6 {[%clk 1:30:25]} 2. c4 {[%clk 1:30:37]}  e6 {[%clk 1:30:06]} 3. g3 {[%clk 1:30:56]}  d5 {[%clk 1:29:57]} 4. Bg2 {[%clk 1:31:22]}  b6 {[%clk 1:29:35]} 5. O-O {[%clk 1:31:28]}  Bb7 {[%clk 1:30:01]} 6. Ne5 {[%clk 1:31:38]}  Bd6 {[%clk 1:29:04]} 7. d4 {[%clk 1:32:05]}  O-O {[%clk 1:28:38]} 8. Nc3 {[%clk 1:32:25]}  c5 {[%clk 1:27:39]} 9. cxd5 {[%clk 1:32:45]}  Bxe5 {[%clk 1:25:24]} 10. dxe5 {[%clk 1:33:02]}  Nxd5 {[%clk 1:25:31]} 11. Qd2 {[%clk 1:24:35]}  Nc6 {[%clk 1:22:08]} 12. Nxd5 {[%clk 1:24:16]}  exd5 {[%clk 1:18:59]} 13. Qxd5 {[%clk 1:23:25]}  Qe7 {[%clk 1:17:03]} 14. e6 {[%clk 1:23:15]}  Qxe6 {[%clk 1:14:44]} 15. Qxe6 {[%clk 1:23:41]}  fxe6 {[%clk 1:14:52]} 16. Bf4 {[%clk 1:22:53]}  Rf7 {[%clk 1:12:13]} 17. Rad1 {[%clk 1:22:50]}  Nd4 {[%clk 1:12:26]} 18. Rd2 {[%clk 1:21:28]}  Re8 {[%clk 1:10:08]} 19. Bxb7 {[%clk 1:20:03]}  Rxb7 {[%clk 1:10:19]} 20. Be5 {[%clk 1:20:11]}  Nc6 {[%clk 1:04:24]} 21. Bc3 {[%clk 1:20:15]}  e5 {[%clk 1:02:50]} 22. Kg2 {[%clk 1:18:53]}  Rf7 {[%clk 0:59:32]} 23. e3 {[%clk 1:13:34]}  e4 {[%clk 0:58:01]} 24. Rd5 {[%clk 1:13:45]}  h6 {[%clk 0:44:40]} 25. h4 {[%clk 1:12:12]}  Rfe7 {[%clk 0:38:22]} 26. Rfd1 {[%clk 1:12:12]}  Ne5 {[%clk 0:37:40]} 27. Rxe5 {[%clk 1:12:25]}  Rxe5 {[%clk 0:37:22]} 28. Bxe5 {[%clk 1:12:47]}  Rxe5 {[%clk 0:37:46]} 29. Rd7 {[%clk 1:13:08]}  c4 {[%clk 0:37:16]} 30. Rxa7 {[%clk 1:12:37]}  Rb5 {[%clk 0:37:12]} 31. Rc7 {[%clk 1:12:23]}  Rxb2 {[%clk 0:35:17]} 32. Rxc4 {[%clk 1:12:38]}  Rxa2 {[%clk 0:35:32]} 33. Rxe4 {[%clk 1:12:55]}  Rb2 {[%clk 0:35:13]} 34. Re7 {[%clk 1:13:01]}  b5 {[%clk 0:35:26]} 35. Rb7 {[%clk 1:13:27]}  b4 {[%clk 0:35:48]} 36. h5 {[%clk 1:13:50]}  b3 {[%clk 0:35:57]} 37. Kf3 {[%clk 1:13:58]}  Rb1 {[%clk 0:36:16]} 38. g4 {[%clk 1:14:06]}  b2 {[%clk 0:35:50]} 39. Kf4 {[%clk 1:13:34]}  Kf8 {[%clk 0:36:06]} 40. Ke5 {[%clk 1:13:15]}  Rg1 {[%clk 0:33:59]} 41. Rxb2 {[%clk 1:13:28]}  Rxg4 {[%clk 0:34:25]} 42. Ke6 {[%clk 1:13:29]}  Re4+ {[%clk 0:33:17]} 43. Kf5 {[%clk 1:13:19]}  Rh4 {[%clk 0:33:39]} 44. Kg6 {[%clk 1:13:23]}  Rg4+ {[%clk 0:34:04]} 45. Kh7 {[%clk 1:13:31]}  Rg5 {[%clk 0:30:09]} 46. f4 {[%clk 1:13:34]}  Rg3 {[%clk 0:25:41]} 47. Rb8+ {[%clk 1:13:45]}  Kf7 {[%clk 0:26:06]} 48. Rb7+ {[%clk 1:12:14]}  Kf8 {[%clk 0:26:03]} 49. e4 {[%clk 1:09:42]}  Rg4 {[%clk 0:25:34]} 50. e5 {[%clk 1:07:31]}  Rxf4 {[%clk 0:22:27]} 51. Rb8+ {[%clk 1:07:48]}  Kf7 {[%clk 0:22:31]} 52. Rb7+ {[%clk 1:07:43]}  Kf8 {[%clk 0:21:47]} 53. e6 {[%clk 1:06:10]}  Rf5 {[%clk 0:20:15]} 54. Rxg7 {[%clk 1:04:58]}  Rxh5 {[%clk 0:19:28]} 55. Rf7+ {[%clk 1:05:00]}  Ke8 {[%clk 0:19:45]} 56. Kg6 {[%clk 1:03:30]}  Rg5+ {[%clk 0:18:16]} 57. Kf6 {[%clk 1:03:39]}  Rg2 {[%clk 0:18:01]} 58. Rh7 {[%clk 1:03:52]}  Rf2+ {[%clk 0:18:20]} 59. Ke5 {[%clk 1:04:03]}  Re2+ {[%clk 0:18:45]} 60. Kd5 {[%clk 1:04:18]}  Rd2+ {[%clk 0:19:11]} 61. Kc4 {[%clk 1:04:23]}  Rd6 {[%clk 0:18:34]} 62. Rxh6 {[%clk 1:04:46]}  Ke7 {[%clk 0:18:56]} 63. Kc5 {[%clk 1:04:50]}  Rxe6 {[%clk 0:19:17]} 64. Rh7+ {[%clk 1:04:55]}  Kf8 {[%clk 0:19:14]} 1/2-1/2

[Event "Weekender - Expert"]
[Site "Enniscrone, Sligo, IE"]
[Date "2026.02.01"]
[Round "4"]
[White "Putar, Slavko"]
[Black "Hackett, Len"]
[Result "1-0"]
[Board "12"]
[WhiteFideId "14557517"]
[BlackFideId "2505460"]
[WhiteElo "1762"]
[BlackElo "1775"]
[WhiteTeam "IRL"]
[BlackTeam "IRL"]
[WhiteClock "1:06:07"]
[BlackClock "0:40:26"]
[Variant "Standard"]

1. d4 {[%clk 1:30:55]}  Nf6 {[%clk 1:11:03]} 2. c4 {[%clk 1:31:04]}  g6 {[%clk 1:10:29]} 3. Nf3 {[%clk 1:31:06]}  Bg7 {[%clk 1:10:34]} 4. Nc3 {[%clk 1:30:41]}  d6 {[%clk 1:10:53]} 5. g3 {[%clk 1:30:16]}  O-O {[%clk 1:10:27]} 6. Bg2 {[%clk 1:30:20]}  Nbd7 {[%clk 1:09:45]} 7. O-O {[%clk 1:29:36]}  c5 {[%clk 1:09:53]} 8. d5 {[%clk 1:29:16]}  a6 {[%clk 1:07:39]} 9. a4 {[%clk 1:28:58]}  Ng4 {[%clk 1:05:20]} 10. h3 {[%clk 1:26:18]}  Nge5 {[%clk 1:05:39]} 11. Nd2 {[%clk 1:26:17]}  Nf6 {[%clk 1:02:53]} 12. Qc2 {[%clk 1:23:20]}  Rb8 {[%clk 0:58:21]} 13. e4 {[%clk 1:22:56]}  e6 {[%clk 0:55:08]} 14. f4 {[%clk 1:21:37]}  Ned7 {[%clk 0:55:24]} 15. dxe6 {[%clk 1:17:35]}  fxe6 {[%clk 0:55:44]} 16. Nf3 {[%clk 1:17:13]}  Nb6 {[%clk 0:54:07]} 17. Qb3 {[%clk 1:15:34]}  Na8 {[%clk 0:53:58]} 18. Be3 {[%clk 1:15:01]}  Nd7 {[%clk 0:46:00]} 19. Rad1 {[%clk 1:12:44]}  Qe7 {[%clk 0:45:58]} 20. Rf2 {[%clk 1:09:26]}  Nc7 {[%clk 0:46:10]} 21. Rfd2 {[%clk 1:08:52]}  Ne8 {[%clk 0:46:29]} 22. h4 {[%clk 1:07:42]}  Ndf6 {[%clk 0:40:54]} 23. e5 {[%clk 1:05:56]}  Ng4 {[%clk 0:40:12]} 24. exd6 {[%clk 1:05:50]}  Nxd6 {[%clk 0:40:26]} 25. Bxc5 {[%clk 1:06:07]} 1-0

[Event "Weekender - Expert"]
[Site "Enniscrone, Sligo, IE"]
[Date "2026.02.01"]
[Round "4"]
[White "De Graaf, Arnoud"]
[Black "Galvin, Sebastian"]
[Result "0-1"]
[Board "14"]
[WhiteFideId "1017918"]
[BlackFideId "2531429"]
[WhiteElo "1872"]
[BlackElo "1797"]
[WhiteTeam "NED"]
[BlackTeam "IRL"]
[WhiteClock "0:57:08"]
[BlackClock "0:44:28"]
[Variant "Standard"]

1. Nf3 {[%clk 1:30:57]}  Nf6 {[%clk 1:30:56]} 2. c4 {[%clk 1:31:23]}  e6 {[%clk 1:31:23]} 3. d4 {[%clk 1:31:42]}  d5 {[%clk 1:31:48]} 4. g3 {[%clk 1:32:06]}  Be7 {[%clk 1:32:14]} 5. Bg2 {[%clk 1:32:32]}  O-O {[%clk 1:32:38]} 6. O-O {[%clk 1:32:57]}  dxc4 {[%clk 1:33:04]} 7. Ne5 {[%clk 1:33:12]}  Nc6 {[%clk 1:33:24]} 8. Nxc6 {[%clk 1:32:34]}  bxc6 {[%clk 1:33:49]} 9. Bxc6 {[%clk 1:32:56]}  Rb8 {[%clk 1:34:14]} 10. Bg2 {[%clk 1:30:07]}  Bb7 {[%clk 1:34:08]} 11. f3 {[%clk 1:30:09]}  c5 {[%clk 1:30:20]} 12. Bf4 {[%clk 1:25:41]}  Bd6 {[%clk 1:26:39]} 13. Be3 {[%clk 1:21:45]}  Nd5 {[%clk 1:21:40]} 14. Bf2 {[%clk 1:21:59]}  Qb6 {[%clk 1:18:32]} 15. Nd2 {[%clk 1:19:46]}  Ba6 {[%clk 1:15:28]} 16. Ne4 {[%clk 1:19:31]}  cxd4 {[%clk 1:14:46]} 17. Bxd4 {[%clk 1:19:02]}  Qc7 {[%clk 1:14:47]} 18. Nxd6 {[%clk 1:18:23]}  Qxd6 {[%clk 1:15:12]} 19. e4 {[%clk 1:18:21]}  Nb6 {[%clk 1:13:26]} 20. f4 {[%clk 1:13:28]}  Rfd8 {[%clk 1:08:00]} 21. Be3 {[%clk 1:12:35]}  c3 {[%clk 1:01:09]} 22. Qxd6 {[%clk 1:12:35]}  Rxd6 {[%clk 1:01:35]} 23. Rf2 {[%clk 1:12:54]}  Nc4 {[%clk 0:58:42]} 24. Bxa7 {[%clk 1:11:50]}  cxb2 {[%clk 0:56:56]} 25. Rb1 {[%clk 1:11:33]}  Rbd8 {[%clk 0:55:27]} 26. Bf3 {[%clk 1:08:30]}  Rd2 {[%clk 0:51:53]} 27. Bc5 {[%clk 1:06:31]}  Rxf2 {[%clk 0:46:16]} 28. Kxf2 {[%clk 1:06:59]}  Rd2+ {[%clk 0:46:23]} 29. Ke1 {[%clk 1:03:51]}  Rxh2 {[%clk 0:44:31]} 30. Be2 {[%clk 0:56:43]}  Rh1+ {[%clk 0:44:08]} 31. Bf1 {[%clk 0:57:08]}  Rxf1+ {[%clk 0:44:28]} 0-1

[Event "Weekender - Expert"]
[Site "Enniscrone, Sligo, IE"]
[Date "2026.02.01"]
[Round "4"]
[White "Furstenburg, Brandon"]
[Black "Thomas Boby, Aiden"]
[Result "0-1"]
[Board "15"]
[WhiteFideId "14309904"]
[BlackFideId "2535688"]
[WhiteElo "1857"]
[BlackElo "1839"]
[WhiteTeam "RSA"]
[BlackTeam "IRL"]
[WhiteClock "0:05:06"]
[BlackClock "0:49:18"]
[Variant "Standard"]

1. e4 {[%clk 1:30:59]}  c5 {[%clk 1:30:55]} 2. a3 {[%clk 1:31:24]}  g6 {[%clk 1:30:59]} 3. b4 {[%clk 1:31:48]}  Bg7 {[%clk 1:26:09]} 4. Nc3 {[%clk 1:32:17]}  cxb4 {[%clk 1:25:36]} 5. axb4 {[%clk 1:32:32]}  e5 {[%clk 1:24:27]} 6. b5 {[%clk 1:31:02]}  d6 {[%clk 1:21:37]} 7. d3 {[%clk 1:06:15]}  Ne7 {[%clk 1:16:36]} 8. Bg5 {[%clk 0:51:28]}  Be6 {[%clk 1:12:04]} 9. Nge2 {[%clk 0:48:00]}  h6 {[%clk 1:09:54]} 10. Bxe7 {[%clk 0:45:20]}  Qxe7 {[%clk 1:08:31]} 11. b6 {[%clk 0:24:42]}  Na6 {[%clk 1:07:18]} 12. bxa7 {[%clk 0:23:46]}  Rxa7 {[%clk 1:05:43]} 13. g3 {[%clk 0:23:15]}  O-O {[%clk 1:05:02]} 14. Bg2 {[%clk 0:23:15]}  Raa8 {[%clk 1:04:21]} 15. O-O {[%clk 0:23:33]}  Rac8 {[%clk 1:04:29]} 16. Qd2 {[%clk 0:13:34]}  Qc7 {[%clk 0:59:37]} 17. Rfb1 {[%clk 0:12:38]}  Nc5 {[%clk 0:56:28]} 18. Nb5 {[%clk 0:12:31]}  Qd7 {[%clk 0:56:31]} 19. c4 {[%clk 0:12:37]}  Rfd8 {[%clk 0:55:41]} 20. Nec3 {[%clk 0:12:07]}  Kh7 {[%clk 0:55:23]} 21. Na4 {[%clk 0:10:30]}  Rc6 {[%clk 0:49:17]} 22. Bf1 {[%clk 0:04:23]}  Ra6 {[%clk 0:48:37]} 23. Nac3 {[%clk 0:04:37]}  Rxa1 {[%clk 0:48:58]} 24. Rxa1 {[%clk 0:05:06]}  Nb3 {[%clk 0:49:18]} 0-1

[Event "Weekender - Expert"]
[Site "Enniscrone, Sligo, IE"]
[Date "2026.02.01"]
[Round "5"]
[White "McDonnell, Odhran"]
[Black "Ward, Paul"]
[Result "1-0"]
[Board "2"]
[WhiteFideId "2507463"]
[BlackFideId "2508257"]
[WhiteElo "1832"]
[BlackElo "1845"]
[WhiteTeam "IRL"]
[BlackTeam "IRL"]
[WhiteClock "0:01:21"]
[BlackClock "0:00:56"]
[Variant "Standard"]

1. d4 {[%clk 1:30:45]}  e6 {[%clk 1:30:46]} 2. c4 {[%clk 1:31:04]}  f5 {[%clk 1:30:52]} 3. g3 {[%clk 1:29:57]}  Nf6 {[%clk 1:31:08]} 4. Bg2 {[%clk 1:30:09]}  d5 {[%clk 1:29:12]} 5. Qc2 {[%clk 1:26:40]}  c6 {[%clk 1:28:38]} 6. Nf3 {[%clk 1:25:36]}  Bd6 {[%clk 1:28:56]} 7. O-O {[%clk 1:24:45]}  O-O {[%clk 1:28:16]} 8. Nbd2 {[%clk 1:19:50]}  Nbd7 {[%clk 1:28:03]} 9. b3 {[%clk 1:13:35]}  b6 {[%clk 1:27:39]} 10. cxd5 {[%clk 1:08:36]}  cxd5 {[%clk 1:20:53]} 11. Qc6 {[%clk 1:05:53]}  Qc7 {[%clk 1:20:11]} 12. Qxc7 {[%clk 1:05:44]}  Bxc7 {[%clk 1:20:34]} 13. Ba3 {[%clk 1:05:46]}  Re8 {[%clk 1:19:11]} 14. Rfc1 {[%clk 1:05:06]}  Bd8 {[%clk 1:15:23]} 15. Rc2 {[%clk 0:56:11]}  Ba6 {[%clk 1:07:28]} 16. Bf1 {[%clk 0:53:54]}  Be7 {[%clk 0:57:35]} 17. Bxe7 {[%clk 0:51:59]}  Rxe7 {[%clk 0:57:10]} 18. Rac1 {[%clk 0:52:06]}  h6 {[%clk 0:53:23]} 19. Rc7 {[%clk 0:43:18]}  Ne8 {[%clk 0:49:15]} 20. R7c6 {[%clk 0:41:59]}  Bb7 {[%clk 0:48:01]} 21. R6c2 {[%clk 0:41:39]}  Kf7 {[%clk 0:45:53]} 22. e3 {[%clk 0:40:09]}  a6 {[%clk 0:45:10]} 23. Bd3 {[%clk 0:37:10]}  g5 {[%clk 0:42:31]} 24. h3 {[%clk 0:31:28]}  Kf6 {[%clk 0:39:11]} 25. Bf1 {[%clk 0:24:24]}  h5 {[%clk 0:28:00]} 26. h4 {[%clk 0:22:55]}  g4 {[%clk 0:25:01]} 27. Ne1 {[%clk 0:22:11]}  e5 {[%clk 0:24:53]} 28. dxe5+ {[%clk 0:20:27]}  Nxe5 {[%clk 0:21:40]} 29. Ng2 {[%clk 0:19:24]}  Ng6 {[%clk 0:18:49]} 30. b4 {[%clk 0:18:35]}  Rd8 {[%clk 0:18:04]} 31. Nb3 {[%clk 0:18:28]}  Rdd7 {[%clk 0:13:50]} 32. Nd4 {[%clk 0:18:08]}  Rc7 {[%clk 0:13:35]} 33. Bd3 {[%clk 0:17:36]}  Rxc2 {[%clk 0:09:48]} 34. Rxc2 {[%clk 0:18:03]}  Nd6 {[%clk 0:09:28]} 35. a4 {[%clk 0:15:44]}  Ne5 {[%clk 0:07:41]} 36. Nf4 {[%clk 0:14:50]}  Rh7 {[%clk 0:05:48]} 37. Be2 {[%clk 0:10:09]}  Nec4 {[%clk 0:05:33]} 38. Kf1 {[%clk 0:07:13]}  Rh8 {[%clk 0:03:54]} 39. Ke1 {[%clk 0:07:03]}  Rh7 {[%clk 0:03:46]} 40. Bf1 {[%clk 0:06:16]}  Rh8 {[%clk 0:00:51]} 41. Bg2 {[%clk 0:06:02]}  Ne4 {[%clk 0:01:01]} 42. b5 {[%clk 0:04:01]}  a5 {[%clk 0:01:11]} 43. Bf1 {[%clk 0:03:44]}  Ned6 {[%clk 0:00:35]} 44. Bd3 {[%clk 0:02:20]}  Rh7 {[%clk 0:00:49]} 45. Be2 {[%clk 0:01:08]}  Ba8 {[%clk 0:01:08]} 46. Nd3 {[%clk 0:01:09]}  Re7 {[%clk 0:01:00]} 47. Nb2 {[%clk 0:00:57]}  Nxb2 {[%clk 0:01:02]} 48. Rxb2 {[%clk 0:01:23]}  Rc7 {[%clk 0:01:12]} 49. Bd3 {[%clk 0:01:05]}  Ne4 {[%clk 0:00:39]} 50. Rc2 {[%clk 0:00:48]}  Rxc2 {[%clk 0:00:59]} 51. Bxc2 {[%clk 0:00:52]}  Bb7 {[%clk 0:00:53]} 52. Ke2 {[%clk 0:00:40]}  Ke5 {[%clk 0:00:54]} 53. Bb3 {[%clk 0:00:36]}  Nc3+ {[%clk 0:00:58]} 54. Kd3 {[%clk 0:00:37]}  Ne4 {[%clk 0:01:22]} 55. Ke2 {[%clk 0:00:49]}  Nc3+ {[%clk 0:01:41]} 56. Ke1 {[%clk 0:00:57]}  Ne4 {[%clk 0:01:49]} 57. Ke2 {[%clk 0:00:41]}  Nc3+ {[%clk 0:02:13]} 58. Kf1 {[%clk 0:00:52]}  Ne4 {[%clk 0:02:30]} 59. Kg2 {[%clk 0:01:04]}  Nd2 {[%clk 0:02:38]} 60. Bc2 {[%clk 0:01:05]}  Ne4 {[%clk 0:02:33]} 61. Ne2 {[%clk 0:01:03]}  Ba8 {[%clk 0:02:37]} 62. Nf4 {[%clk 0:01:02]}  Nf6 {[%clk 0:02:55]} 63. Kf1 {[%clk 0:01:01]}  Bb7 {[%clk 0:02:51]} 64. Ke2 {[%clk 0:01:16]}  Bc8 {[%clk 0:02:31]} 65. Bb3 {[%clk 0:00:58]}  Bb7 {[%clk 0:02:43]} 66. Kd3 {[%clk 0:00:59]}  Ba8 {[%clk 0:02:02]} 67. Ng6+ {[%clk 0:00:37]}  Kd6 {[%clk 0:02:04]} 68. Bd1 {[%clk 0:00:34]}  Ne4 {[%clk 0:02:08]} 69. Ke2 {[%clk 0:00:45]}  Nc3+ {[%clk 0:02:07]} 70. Kd2 {[%clk 0:01:10]}  Ne4+ {[%clk 0:01:21]} 71. Ke1 {[%clk 0:01:11]}  Bb7 {[%clk 0:02:13]} 72. Bc2 {[%clk 0:01:28]}  Bc8 {[%clk 0:00:48]} 73. Bxe4 {[%clk 0:00:34]}  fxe4 {[%clk 0:00:55]} 74. Nf4 {[%clk 0:00:48]}  Kc5 {[%clk 0:01:02]} 75. Kd2 {[%clk 0:00:57]}  d4 {[%clk 0:00:55]} 76. exd4+ {[%clk 0:01:01]}  Kxd4 {[%clk 0:01:21]} 77. Nxh5 {[%clk 0:01:13]}  Kc4 {[%clk 0:01:36]} 78. Nf6 {[%clk 0:01:13]}  Kb4 {[%clk 0:00:43]} 79. h5 {[%clk 0:01:02]}  Kxa4 {[%clk 0:01:00]} 80. h6 {[%clk 0:01:24]}  Bf5 {[%clk 0:01:24]} 81. h7 {[%clk 0:01:34]}  Bxh7 {[%clk 0:01:36]} 82. Nxh7 {[%clk 0:02:00]}  Kxb5 {[%clk 0:01:41]} 83. Kc3 {[%clk 0:01:08]}  Kc5 {[%clk 0:01:51]} 84. Nf6 {[%clk 0:00:17]}  Kc6 {[%clk 0:01:16]} 85. Nxe4 {[%clk 0:00:43]}  Kd5 {[%clk 0:00:58]} 86. Nf6+ {[%clk 0:00:55]}  Ke5 {[%clk 0:01:21]} 87. Nxg4+ {[%clk 0:01:12]}  Ke4 {[%clk 0:01:40]} 88. Nf6+ {[%clk 0:01:21]}  Kf5 {[%clk 0:01:32]} 89. Nd7 {[%clk 0:01:29]}  b5 {[%clk 0:01:53]} 90. Nb6 {[%clk 0:01:33]}  Kg4 {[%clk 0:01:00]} 91. Kd4 {[%clk 0:01:32]}  a4 {[%clk 0:00:56]} 92. Nxa4 {[%clk 0:01:21]} 1-0

[Event "Weekender - Expert"]
[Site "Enniscrone, Sligo, IE"]
[Date "2026.02.01"]
[Round "5"]
[White "McIlroy, Ben"]
[Black "O`Boyle, Donal"]
[Result "1-0"]
[Board "3"]
[WhiteFideId "2525097"]
[BlackFideId "2505096"]
[WhiteElo "1835"]
[BlackElo "1832"]
[WhiteTeam "IRL"]
[BlackTeam "IRL"]
[WhiteClock "0:29:58"]
[BlackClock "0:00:53"]
[Variant "Standard"]

1. d4 {[%clk 1:30:56]}  b5 {[%clk 1:28:17]} 2. e4 {[%clk 1:30:57]}  Bb7 {[%clk 1:27:55]} 3. Bd3 {[%clk 1:30:15]}  e6 {[%clk 1:27:46]} 4. Be3 {[%clk 1:30:25]}  Nf6 {[%clk 1:27:04]} 5. Nd2 {[%clk 1:30:33]}  a6 {[%clk 1:27:07]} 6. c3 {[%clk 1:29:44]}  d6 {[%clk 1:25:08]} 7. Qe2 {[%clk 1:24:58]}  c5 {[%clk 1:18:43]} 8. Ngf3 {[%clk 1:22:59]}  Be7 {[%clk 1:15:29]} 9. O-O {[%clk 1:22:49]}  cxd4 {[%clk 1:10:30]} 10. cxd4 {[%clk 1:22:49]}  Nc6 {[%clk 1:08:19]} 11. a3 {[%clk 1:22:53]}  Qd7 {[%clk 1:04:37]} 12. Rfd1 {[%clk 1:21:31]}  h6 {[%clk 1:01:56]} 13. h3 {[%clk 1:10:47]}  O-O {[%clk 0:49:14]} 14. Rac1 {[%clk 1:04:17]}  Kh8 {[%clk 0:37:57]} 15. Nf1 {[%clk 0:59:25]}  Ng8 {[%clk 0:33:10]} 16. N3h2 {[%clk 0:47:05]}  f5 {[%clk 0:29:46]} 17. f4 {[%clk 0:45:50]}  Nf6 {[%clk 0:21:14]} 18. e5 {[%clk 0:43:58]}  Nd5 {[%clk 0:17:41]} 19. Nf3 {[%clk 0:44:06]}  Nxe3 {[%clk 0:17:14]} 20. Nxe3 {[%clk 0:43:53]}  d5 {[%clk 0:11:50]} 21. Kh2 {[%clk 0:42:41]}  Na5 {[%clk 0:09:30]} 22. Bb1 {[%clk 0:33:26]}  Nc4 {[%clk 0:09:23]} 23. Rg1 {[%clk 0:33:43]}  Rac8 {[%clk 0:08:09]} 24. Rcf1 {[%clk 0:33:51]}  Qe8 {[%clk 0:06:46]} 25. Ne1 {[%clk 0:34:03]}  g5 {[%clk 0:05:32]} 26. Nd3 {[%clk 0:32:12]}  Nxe3 {[%clk 0:04:39]} 27. Qxe3 {[%clk 0:32:24]}  g4 {[%clk 0:05:07]} 28. hxg4 {[%clk 0:32:25]}  fxg4 {[%clk 0:05:34]} 29. g3 {[%clk 0:32:03]}  Rf5 {[%clk 0:03:41]} 30. Kg2 {[%clk 0:31:58]}  Rh5 {[%clk 0:03:38]} 31. Nf2 {[%clk 0:31:08]}  Qg8 {[%clk 0:03:02]} 32. Qd3 {[%clk 0:31:11]}  Rf5 {[%clk 0:02:55]} 33. Rh1 {[%clk 0:31:02]}  Bf8 {[%clk 0:02:04]} 34. Qe2 {[%clk 0:31:19]}  Rc4 {[%clk 0:02:11]} 35. Rd1 {[%clk 0:31:08]}  b4 {[%clk 0:01:27]} 36. Nxg4 {[%clk 0:29:56]}  bxa3 {[%clk 0:01:13]} 37. bxa3 {[%clk 0:30:11]}  Rc3 {[%clk 0:00:55]} 38. Rd3 {[%clk 0:29:39]}  Rc7 {[%clk 0:00:40]} 39. Rb3 {[%clk 0:29:41]}  Rg7 {[%clk 0:00:32]} 40. Bxf5 {[%clk 0:29:44]}  exf5 {[%clk 0:00:53]} 41. Nf6 {[%clk 0:29:58]} 1-0

[Event "Weekender - Expert"]
[Site "Enniscrone, Sligo, IE"]
[Date "2026.02.01"]
[Round "5"]
[White "Taaffe, Paul"]
[Black "Cummins, Sean"]
[Result "1/2-1/2"]
[Board "4"]
[WhiteFideId "2503549"]
[BlackFideId "2512084"]
[WhiteElo "1883"]
[BlackElo "1874"]
[WhiteTeam "IRL"]
[BlackTeam "IRL"]
[WhiteClock "0:02:20"]
[BlackClock "0:00:19"]
[Variant "Standard"]

1. e4 {[%clk 1:28:38]}  c5 {[%clk 1:30:39]} 2. Nf3 {[%clk 1:28:59]}  d6 {[%clk 1:30:57]} 3. d4 {[%clk 1:29:14]}  cxd4 {[%clk 1:31:18]} 4. Nxd4 {[%clk 1:29:39]}  Nf6 {[%clk 1:31:38]} 5. Nc3 {[%clk 1:30:03]}  a6 {[%clk 1:32:00]} 6. Bc4 {[%clk 1:30:06]}  e6 {[%clk 1:32:06]} 7. a4 {[%clk 1:30:02]}  Be7 {[%clk 1:31:51]} 8. O-O {[%clk 1:30:07]}  O-O {[%clk 1:32:01]} 9. Be3 {[%clk 1:30:02]}  Qc7 {[%clk 1:32:01]} 10. Qe2 {[%clk 1:29:21]}  Nc6 {[%clk 1:31:14]} 11. Nxc6 {[%clk 1:28:39]}  Qxc6 {[%clk 1:30:42]} 12. Bd4 {[%clk 1:22:25]}  Bd7 {[%clk 1:13:47]} 13. a5 {[%clk 1:18:18]}  Rac8 {[%clk 1:12:24]} 14. Bb3 {[%clk 1:17:34]}  Qc7 {[%clk 1:11:06]} 15. Bb6 {[%clk 1:13:36]}  Qb8 {[%clk 1:11:11]} 16. Rfe1 {[%clk 1:10:41]}  Bc6 {[%clk 1:09:10]} 17. f3 {[%clk 1:07:29]}  Nd7 {[%clk 1:04:12]} 18. Be3 {[%clk 1:05:21]}  Nc5 {[%clk 0:55:18]} 19. Ba2 {[%clk 0:54:47]}  Bf6 {[%clk 0:49:16]} 20. Bxc5 {[%clk 0:50:42]}  Bxc3 {[%clk 0:45:52]} 21. bxc3 {[%clk 0:50:42]}  dxc5 {[%clk 0:46:09]} 22. Bc4 {[%clk 0:50:03]}  Qe5 {[%clk 0:40:49]} 23. Qe3 {[%clk 0:47:09]}  g5 {[%clk 0:39:36]} 24. g3 {[%clk 0:44:48]}  Kh8 {[%clk 0:36:57]} 25. Rad1 {[%clk 0:42:03]}  Rg8 {[%clk 0:35:08]} 26. Rd3 {[%clk 0:40:17]}  Rcd8 {[%clk 0:30:19]} 27. Red1 {[%clk 0:38:38]}  Rdf8 {[%clk 0:25:50]} 28. Rd6 {[%clk 0:32:03]}  g4 {[%clk 0:21:50]} 29. f4 {[%clk 0:24:59]}  Qxe4 {[%clk 0:21:16]} 30. Qxe4 {[%clk 0:25:04]}  Bxe4 {[%clk 0:21:36]} 31. R1d2 {[%clk 0:24:20]}  Kg7 {[%clk 0:17:56]} 32. Bf1 {[%clk 0:19:58]}  Rc8 {[%clk 0:15:10]} 33. c4 {[%clk 0:18:34]}  Rc7 {[%clk 0:13:58]} 34. Bg2 {[%clk 0:18:06]}  Bxg2 {[%clk 0:14:14]} 35. Kxg2 {[%clk 0:18:32]}  Kf6 {[%clk 0:14:19]} 36. Kf2 {[%clk 0:16:37]}  Ke7 {[%clk 0:13:16]} 37. Ke3 {[%clk 0:16:29]}  h5 {[%clk 0:11:03]} 38. Ke4 {[%clk 0:14:02]}  Rh8 {[%clk 0:10:19]} 39. f5 {[%clk 0:12:36]}  h4 {[%clk 0:08:36]} 40. fxe6 {[%clk 0:08:52]}  fxe6 {[%clk 0:08:44]} 41. Kf4 {[%clk 0:07:32]}  hxg3 {[%clk 0:08:55]} 42. hxg3 {[%clk 0:07:34]}  Rg8 {[%clk 0:07:34]} 43. Ke5 {[%clk 0:05:39]}  Rg5+ {[%clk 0:07:23]} 44. Kf4 {[%clk 0:05:50]}  Rg6 {[%clk 0:07:25]} 45. R2d3 {[%clk 0:05:13]}  Rg7 {[%clk 0:03:35]} 46. Rb6 {[%clk 0:02:56]}  Kf6 {[%clk 0:03:07]} 47. Rdd6 {[%clk 0:02:32]}  Rce7 {[%clk 0:00:19]} 48. Rd3 {[%clk 0:02:20]} 1/2-1/2